000 00339 a2200157 4500
001 50281
020 _a8530501292
040 _cAnchieta - Bela Vista
100 _aBandeira, Pedro
240 1 0 _aO patinho feio
_lpor
245 1 0 _aO patinho feio
300 _a31
362 0 _a1997
650 4 _aLiteratura infanto-juvenil
942 _cBK
999 _c50281
_d50281